00383nam a2200157Ia 45000010006000000050017000060080041000230410008000640820017000721000033000892450051001222600009001733000027001826500008002096540008002172468220260414151059.0260414t2011||||xx |||||||||||||| ||spa|| aESP a345.721bR72 aRoca Aymar, José LuiseAUT 0aEl arbitraje mercantil internacional on lineb c2011 a68 páginas :c21 cm. aDER aCDE